[Event "Agosto de Victorias op"]
[Site "Mayabeque"]
[Date "2018.08.08"]
[Round "9"]
[White "Delgado Alvarez, Edualis"]
[Black "Barroso Abreu, German"]
[Result "1/2-1/2"]
[WhiteElo "1681"]
[BlackElo "2021"]
[PlyCount "35"]
[EventDate "2018.08.04"]
[EventType "swiss"]
[EventRounds "9"]
[EventCountry "CUB"]
[SourceTitle "EXT 2021"]
[Source "ChessBase"]
[SourceDate "2020.10.23"]
[SourceVersion "1"]
[SourceVersionDate "2020.10.23"]
[SourceQuality "1"]

1. e4 e6 2. d4 d5 3. e5 c5 4. c3 Nc6 5. Nf3 Qb6 6. a3 c4 7. Nbd2 Na5 8. Be2 Bd7 9. Rb1 Ne7 10. 0-0 Ng6 11. Re1 Be7 12. Bf1 0-0 13. g3 f5 14. exf6 Rxf6 15. Bg2 Raf8 16. Nf1 R8f7 17. Be3 Qc7 18. h4 1/2-1/2

[Event "CUB-ch U18 Girls"]
[Site "San Nicolas de Bari"]
[Date "2018.06.17"]
[Round "8"]
[White "Delgado Alvarez, Edualis"]
[Black "Rodriguez Guerra, Melissa"]
[Result "0-1"]
[WhiteElo "1687"]
[BlackElo "1949"]
[PlyCount "46"]
[EventDate "2018.06.13"]
[EventType "swiss"]
[EventRounds "9"]
[EventCountry "CUB"]
[SourceTitle "EXT 2021"]
[Source "ChessBase"]
[SourceDate "2020.10.23"]
[SourceVersion "1"]
[SourceVersionDate "2020.10.23"]
[SourceQuality "1"]

1. e4 c5 2. Nf3 d6 3. d4 cxd4 4. Nxd4 a6 5. Nd2 e6 6. Bd3 Nf6 7. 0-0 Qc7 8. Kh1 b5 9. f4 Bb7 10. Qe2 Nbd7 11. N2f3 Nc5 12. e5 Nxd3 13. cxd3 Nd7 14. exd6 Bxd6 15. Ng5 0-0 16. Ndxe6 fxe6 17. Qxe6+ Kh8 18. Nf7+ Rxf7 19. Qxf7 Qc6 20. Rf2 Nf6 21. h3 Re8 22. Bd2 Qb6 23. Be1 Bd5 0-1

[Event "CUB-ch U18 Girls"]
[Site "San Nicolas de Bari"]
[Date "2018.06.14"]
[Round "2"]
[White "Nieto Rego, Ana"]
[Black "Delgado Alvarez, Edualis"]
[Result "1-0"]
[WhiteElo "1853"]
[BlackElo "1687"]
[PlyCount "67"]
[EventDate "2018.06.13"]
[EventType "swiss"]
[EventRounds "9"]
[EventCountry "CUB"]
[SourceTitle "EXT 2021"]
[Source "ChessBase"]
[SourceDate "2020.10.23"]
[SourceVersion "1"]
[SourceVersionDate "2020.10.23"]
[SourceQuality "1"]

1. e4 c5 2. Nf3 d6 3. d4 cxd4 4. Nxd4 Nf6 5. Nc3 g6 6. f3 Bg7 7. Be3 0-0 8. Qd2 Nc6 9. h4 Nxd4 10. Bxd4 Be6 11. g4 Qa5 12. h5 Rac8 13. Be2 Bc4 14. a3 Bxe2 15. Kxe2 b5 16. hxg6 fxg6 17. g5 Nh5 18. Bxg7 Kxg7 19. Rag1 Qa6 20. Nd5 e6 21. Nf6 b4+ 22. Kd1 bxa3 23. Nxh5+ gxh5 24. g6 Rxf3 25. gxh7+ Kf7 26. Qg2 Rd3+ 27. cxd3 Qxd3+ 28. Qd2 Qb1+ 29. Ke2 Qxe4+ 30. Kf1 Qc4+ 31. Kf2 Qc5+ 32. Qe3 Qc2+ 33. Kf3 Qxh7 34. Qxa7+ 1-0

[Event "Artemisa Inder Anivers"]
[Site "Artemisa"]
[Date "2018.02.25"]
[Round "10.2"]
[White "Hernandez Izquierdo, Jose A"]
[Black "Delgado Alvarez, Edualis"]
[Result "1-0"]
[WhiteElo "1800"]
[BlackElo "1697"]
[PlyCount "99"]
[EventDate "2018.02.20"]
[EventType "team-tourn"]
[EventRounds "10"]
[EventCountry "CUB"]
[SourceTitle "EXT 2021"]
[Source "ChessBase"]
[SourceDate "2020.10.23"]
[SourceVersion "1"]
[SourceVersionDate "2020.10.23"]
[SourceQuality "1"]
[WhiteTeam "Artemisa"]
[BlackTeam "Mayabeque"]
[WhiteTeamCountry "CUB"]
[BlackTeamCountry "CUB"]

1. e4 c5 2. Nf3 d6 3. d4 cxd4 4. Nxd4 Nf6 5. Nc3 g6 6. f4 Nc6 7. Nxc6 bxc6 8. e5 dxe5 9. Qxd8+ Kxd8 10. fxe5 Ng4 11. Bf4 Bg7 12. 0-0-0+ Ke8 13. Re1 Be6 14. h3 Nh6 15. Bd3 Rd8 16. Be4 Bd5 17. Bxd5 cxd5 18. Rd1 e6 19. Nb5 Rd7 20. Nd6+ Ke7 21. g4 Rb8 22. c3 a5 23. Rhf1 a4 24. Kc2 Kf8 25. Rf3 Ra8 26. Rdf1 Raa7 27. Nb5 Ra5 28. Nd4 Ra6 29. Bg5 Ng8 30. Bf4 Rb6 31. b3 axb3+ 32. axb3 Ra6 33. Nb5 Rc6 34. Ra1 Rc8 35. Nd4 Rb8 36. Raf1 Ke7 37. Bg3 f6 38. exf6+ Bxf6 39. Nf5+ gxf5 40. Bxb8 fxg4 41. hxg4 Rd8 42. Bg3 e5 43. Rxf6 Nxf6 44. Rxf6 Kxf6 45. Bh4+ Ke6 46. Bxd8 e4 47. Kd2 Kd7 48. Bg5 Ke6 49. Ke3 Ke5 50. Bf4+ 1-0

[Event "Artemisa Inder Anivers"]
[Site "Artemisa"]
[Date "2018.02.21"]
[Round "3.3"]
[White "Delgado Alvarez, Edualis"]
[Black "Fernandez Malagon, Maria F"]
[Result "1/2-1/2"]
[WhiteElo "1697"]
[BlackElo "1689"]
[PlyCount "56"]
[EventDate "2018.02.20"]
[EventType "team-tourn"]
[EventRounds "10"]
[EventCountry "CUB"]
[SourceTitle "EXT 2021"]
[Source "ChessBase"]
[SourceDate "2020.10.23"]
[SourceVersion "1"]
[SourceVersionDate "2020.10.23"]
[SourceQuality "1"]
[WhiteTeam "Mayabeque"]
[BlackTeam "San Antonio de los Banos"]
[WhiteTeamCountry "CUB"]
[BlackTeamCountry "CUB"]

1. e4 c5 2. Nf3 d6 3. d4 cxd4 4. Nxd4 Nf6 5. Nc3 a6 6. Bg5 e6 7. f4 Be7 8. Qf3 Qc7 9. 0-0-0 Bd7 10. Bd3 Nc6 11. Nb3 Nb4 12. Rhe1 h6 13. Bh4 Nxe4 14. Rxe4 Nxd3+ 15. Rxd3 Bxh4 16. Qg4 Bf6 17. Nd5 Qd8 18. Nxf6+ gxf6 19. Rxd6 Qc7 20. Red4 0-0-0 21. Qe2 Bb5 22. Rxd8+ Rxd8 23. Rxd8+ Kxd8 24. Qd2+ Qd7 25. Qc3 Ke7 26. Nd4 Bc6 27. Nxc6+ bxc6 28. g3 Qd5 1/2-1/2

[Event "CUB School-chT"]
[Site "Santa Clara"]
[Date "2017.07.17"]
[Round "9.5"]
[White "Hernandez Gil, Ineymig"]
[Black "Delgado Alvarez, Edualis"]
[Result "0-1"]
[WhiteElo "1900"]
[BlackElo "1728"]
[PlyCount "46"]
[EventDate "2017.07.13"]
[EventType "team-swiss"]
[EventRounds "9"]
[EventCountry "CUB"]
[SourceTitle "EXT 2023"]
[Source "ChessBase"]
[SourceDate "2022.10.05"]
[SourceVersion "1"]
[SourceVersionDate "2022.10.05"]
[SourceQuality "1"]

1. e4 c5 2. Nf3 d6 3. d4 cxd4 4. Nxd4 Nf6 5. Nc3 g6 6. Be3 Bg7 7. f3 0-0 8. Qd2 Nc6 9. Bc4 Rb8 10. 0-0-0 Na5 11. Bb3 Bd7 12. h4 h5 13. g4 b5 14. Bh6 Nc4 15. Bxc4 bxc4 16. Bxg7 Kxg7 17. Nd5 Rh8 18. Nxf6 exf6 19. Rdg1 Qb6 20. c3 Qa6 21. Kb1 Rb6 22. Ka1 Rhb8 23. Rb1 Qxa2+ 0-1

[Event "CUB School-chT"]
[Site "Santa Clara"]
[Date "2017.07.14"]
[Round "3.2"]
[White "Delgado Alvarez, Edualis"]
[Black "Obregon Garcia, Roxangel"]
[Result "0-1"]
[WhiteElo "1728"]
[BlackElo "2135"]
[PlyCount "76"]
[EventDate "2017.07.13"]
[EventType "team-swiss"]
[EventRounds "9"]
[EventCountry "CUB"]
[SourceTitle "EXT 2023"]
[Source "ChessBase"]
[SourceDate "2022.10.05"]
[SourceVersion "1"]
[SourceVersionDate "2022.10.05"]
[SourceQuality "1"]

1. e4 c5 2. Nf3 e6 3. d4 cxd4 4. Nxd4 Nc6 5. Nxc6 bxc6 6. Nd2 d5 7. Bd3 Nf6 8. 0-0 Be7 9. f4 h5 10. Qf3 a5 11. a4 Ba6 12. Bxa6 Rxa6 13. Qe2 Ra7 14. exd5 exd5 15. Nf3 0-0 16. Ne5 Qc7 17. Qf2 c5 18. Qf3 Bd6 19. Nd3 Re8 20. Bd2 Ne4 21. Be3 d4 22. Bc1 Nf6 23. Bd2 Qb6 24. b3 Rae7 25. Rae1 Qc7 26. Rxe7 Bxe7 27. Re1 c4 28. Nf2 c3 29. Bc1 Rd8 30. Nd3 Bd6 31. h3 Qc8 32. Qf2 Bc5 33. Re5 Bb6 34. Rb5 Qc6 35. Qe2 Re8 36. Re5 Ne4 37. Rxe8+ Qxe8 38. Nf2 d3 0-1

[Event "CUB School-chT"]
[Site "Santa Clara"]
[Date "2017.07.14"]
[Round "4.6"]
[White "Delgado Alvarez, Edualis"]
[Black "Reytor Lopez, Daniela Maria"]
[Result "0-1"]
[WhiteElo "1728"]
[BlackElo "1676"]
[PlyCount "118"]
[EventDate "2017.07.13"]
[EventType "team-swiss"]
[EventRounds "9"]
[EventCountry "CUB"]
[SourceTitle "EXT 2023"]
[Source "ChessBase"]
[SourceDate "2022.10.05"]
[SourceVersion "1"]
[SourceVersionDate "2022.10.05"]
[SourceQuality "1"]

1. e4 e5 2. Nf3 Nc6 3. d4 exd4 4. Nxd4 Bc5 5. Nb3 Bb6 6. Nc3 Nge7 7. g3 d6 8. Bg2 Be6 9. Nd5 0-0 10. 0-0 Ne5 11. Nxb6 axb6 12. f4 N5c6 13. f5 Bxb3 14. cxb3 f6 15. Qg4 Ne5 16. Qd1 N7c6 17. b4 Kh8 18. Bd2 Nc4 19. b3 Nxd2 20. Qxd2 Ra3 21. Rfc1 b5 22. Bf1 Qe7 23. Bg2 Rfa8 24. Re1 Qe5 25. Red1 Rxb3 26. Rab1 Rxb1 27. Rxb1 Qd4+ 28. Qxd4 Nxd4 29. Rb2 c5 30. bxc5 dxc5 31. Bf1 c4 32. Rf2 Rc8 33. Rb2 c3 34. Rb1 c2 35. Rc1 Ra8 36. Bxb5 Nxb5 37. Rxc2 Kg8 38. Kf2 Nd4 39. Rb2 Ra7 40. Ke3 Nc6 41. Kd3 Rxa2 42. Rxb7 Rxh2 43. Rc7 Ne5+ 44. Ke3 Rg2 45. Rc8+ Kf7 46. Rc7+ Kf8 47. Rc8+ Ke7 48. Rc7+ Nd7 49. Kf3 Rd2 50. Ke3 Ra2 51. Rb7 Kd6 52. Rb3 Nc5 53. Rb4 Ra3+ 54. Kd4 Rxg3 55. Rb6+ Kc7 56. Kxc5 Rc3+ 57. Kd4 Kxb6 58. Kxc3 Kc5 59. Kd3 h5 0-1